1627 1866 1056 1575 1595 1363 1365 1311 1293 1275 1981 1220 1264 1313 1409 1655 1689 1185 1745 1417 1882 1889 1026 1813 1455 1363 1329 1170 1767 1290 1756 1211 1465 1189 1157 1550 1386 1286 1639 1733 1187 1529 1680 1109 1181 1623 1344 1382 1231 1019 1177 1428 1008 1977 1814 1741 1805 1517 1969 1932 1025 1088 1388 1179 1041 1008 1769 1782 1151 1424 1467 1966 1435 1757 1108 1555 1242 1504 1112 1250 1883 1372 1696 1427 1913 1812 1016 1651 1259 1856 1095 1502 1052 1969 1690 1319 1478 1223 1846 BCNSPRNW ULIB Ver.6.0+V

เปลี่ยนเป็นภาษาไทย

Change to English
 แสดงรายละเอียดบรรณานุกรม
  กลับหน้าหลัก

Brief Record : Get Marc (ISO 2709) : E-mail record : QR code < ปิดหน้าต่าง
LEADER : 00000nam 2200000uu 4500
001    13399127218
003     ULIB
008    200217s2559||||th 000 0 tha d
060 04 ^aWA308^bน197ก
100 0  ^aนภาพร ตูมน้อย
245 10 ^aการพยาบาลอนามัยครอบครัวสำหรับนักศึกษาพยาบาล/^cนภาพร ตูมน้อย
260    ^aนครสวรรค์ :^bวิทยาลัยพยาบาลบรมราชชนนี สวรรค์ประชารักษ์ นครสวรรค์ ^c2559
300    ^a75 หน้า ;^c21 ซม.
650  4 ^aอนามัยครอบครัว
945    ^p0^l0^i27897
999    ^aกัณชพร จุลอักษร
รายการนี้ยังไม่มีแท็ก
คุณยังไม่ได้ล็อกอิน คุณสามารถมีกิจกรรมร่วมกับเว็บไซต์ได้ แต่ต้องล็อกอินก่อน ::
  ล็อกอิน

รายการสื่อสารสนเทศ

ลำดับที่ ประเภท เลขเรียก/บาร์โค้ด สถานที่ สถานะ
1. วิทยาศาสตร์การแพทย์ และสุขภาพ
วิทยาศาสตร์การแพทย์ และสุขภาพ
WA308 น197ก ฉ.1 
  Barcode: 27897
ห้องสมุดวิทยาเขตนครสวรรค์
►หนังสือทั่วไป:l:General Books
บนชั้น

รายการใกล้เคียง
    ผู้แต่ง [นภาพร ตูมน้อย]

    หัวเรื่อง [อนามัยครอบครัว]

BibComment


ยังไม่เคยถูกคอมเมนท์

คอมเมนท์ทรัพยากรรายการนี้
  คอมเมนท์: การพยาบาลอนามัยค..


 Copyright 2026. Bcnsprnw @Library